Frederic Remington : the masterworks /

Bibliographic Details
Main Author: Shapiro, Michael Edward
Corporate Authors: St. Louis Art Museum, Buffalo Bill Historical Center
Other Authors: Hassrick, Peter H., Remington, Frederic, 1861-1909
Format: Book
Language:English
Published: New York : Abrams, 1988.
Subjects:

MARC

Tag First Indicator Second Indicator Subfields
LEADER 00000cam a2200000 a 4500
001 in00000036216
005 20151007055414.0
008 870807s1988 nyua b 00110 eng
010 |a  87023167  
020 |a 0810915952 
020 |a 0891780327 (pbk.) 
035 |a (OCoLC)16648569 
035 |9 AAB8160AM 
040 |a DLC  |c DLC  |d TXA  |d UtOrBLW 
049 |a TXAM [Also in] [Sp Coll]  |c 1 [A11074310]  |a TXAS  |c 2 [A11565735] 
050 0 0 |a N6537.R4  |b A4 1988 
082 0 |a 709/.2/4  |2 19 
100 1 |a Shapiro, Michael Edward. 
245 1 0 |a Frederic Remington :  |b the masterworks /  |c [Michael Edward Shapiro, Peter H. Hassrick ; with essays by David G. McCullough, Doreen Bolger Burke, John Seelye]. 
264 1 |a New York :  |b Abrams,  |c 1988. 
300 |a 271 pages :  |b illustrations (some color) ;  |c 29 cm. 
336 |a text  |b txt  |2 rdacontent 
337 |a unmediated  |b n  |2 rdamedia 
338 |a volume  |b nc  |2 rdacarrier 
500 |a "The Saint Louis Art Museum in conjunction with the Buffalo Bill Historical Center, Cody"--Title page verso. 
504 |a Bibliography: pages 258-265. 
500 |a Includes index. 
600 1 0 |a Remington, Frederic,  |d 1861-1909  |x Criticism and interpretation. 
700 1 |a Hassrick, Peter H. 
710 2 |a St. Louis Art Museum. 
710 2 |a Buffalo Bill Historical Center. 
700 1 |a Remington, Frederic,  |d 1861-1909. 
999 |a MARS 
999 f f |s 135cf768-fefd-3704-ace3-ebff6124aa0e  |i 9ba36c1d-702f-3e7c-9b06-10d18be7cd74  |t 0 
952 f f |p normal  |a Texas A&M University  |b College Station  |c Sterling C. Evans Library  |d Evans: Library Stacks  |t 0  |e N6537.R4 A4 1988  |h Library of Congress classification  |i unmediated -- volume  |m A14811074310 
952 f f |p noncirc  |a Texas A&M University  |b College Station  |c Cushing Memorial Library & Archives  |d Cushing: Kelsey Americana (Does not check out)  |t 0  |e N6537.R4 A4 1988  |h Library of Congress classification  |i unmediated -- volume 
998 f f |a N6537.R4 A4 1988  |t 0  |l Cushing: Kelsey Americana (Does not check out) 
998 f f |a N6537.R4 A4 1988  |t 0  |l Evans: Library Stacks